Central Library OPAC University of Rajshahi

Germany in power and eclipse : (Record no. 25974)

MARC details
000 -LEADER
fixed length control field 01074cam a22002891 4500
001 - CONTROL NUMBER
control field 25974
003 - CONTROL NUMBER IDENTIFIER
rucl marc code BD-RjUL
005 - DATE AND TIME OF LATEST TRANSACTION
control field 20211209050943.0
008 - FIXED-LENGTH DATA ELEMENTS--GENERAL INFORMATION
fixed length control field 140319s1952 nyuab b 001 0 eng
035 ## - SYSTEM CONTROL NUMBER
System control number (BD-RjUL)26044
System control number (OCoLC)3092980
040 ## - CATALOGING SOURCE
Original cataloging agency DLC
Transcribing agency NFredU
Modifying agency OCoLC
-- Uk
-- DLC
Language of cataloging eng
041 ## - LANGUAGE CODE
Language code of text/sound track or separate title eng
082 ## - DEWEY DECIMAL CLASSIFICATION NUMBER
Classification number 943.21
Author mark and year POG 1952
100 1# - MAIN ENTRY--PERSONAL NAME
Personal name Pollock, James K.
Fuller form of name (James Kerr),
Dates associated with a name 1898-1968.
9 (RLIN) 79813
245 10 - TITLE STATEMENT
Title Germany in power and eclipse :
Remainder of title the background of German development /
Statement of responsibility, etc. by James K. Pollock and Homer Thomas, with the assistance and collaboration of Willett F. Ramsdell, Wm. Clark Trow [and] Manfred C. Vernon.
260 ## - PUBLICATION, DISTRIBUTION, ETC. (IMPRINT)
Place of publication, distribution, etc. New York :
Name of publisher, distributor, etc. Van Nostrand,
Date of publication, distribution, etc. 1952
300 ## - PHYSICAL DESCRIPTION
Pagination viii, 661 p. :
Illustrations maps, diagrs. ;
Size 26 cm.
504 ## - BIBLIOGRAPHY, ETC. NOTE
Bibliography, etc Includes Index
651 #0 - SUBJECT ADDED ENTRY--GEOGRAPHIC NAME
Geographic name Germany
General subdivision History.
9 (RLIN) 79814
Geographic name Germany
General subdivision Politics and government.
9 (RLIN) 79815
Geographic name Germany
General subdivision Administrative and political divisions.
9 (RLIN) 79816
700 1# - ADDED ENTRY--PERSONAL NAME
Personal name Thomas, Homer L.,
Relator term joint author.
942 ## - ADDED ENTRY ELEMENTS (KOHA)
Source of classification or shelving scheme Dewey Decimal Classification
Koha item type Books
Holdings
Lost status Source of classification or shelving scheme Damaged status Not for loan Collection code Permanent Location Current Location Shelving location Date acquired Source of acquisition Cost, normal purchase price Total Checkouts Full call number Date last seen Copy number Koha item type
  Dewey Decimal Classification   Added to bundle Non-fiction Central Library, University of Rajshahi Central Library, University of Rajshahi Reading Room 01/02/1963 Mirza book age. 62.50   943.21 POG 1952 19/03/2014 C-1 Books